01103nam a2200253 a 4500001001000000003000500010005001700015008004100032010001100073011001100084040000900095100003500104245019700139260004100336500006000377502015600437650004200593650002200635650002000657650002300677650004400700700003500744856007000779000111963CHAP20220329144239.0151111s2015 mx a fsm |||||||spa d a108424 a109396 cCHAP1 aHernández Juárez, Fernanda10aEnsalitramiento y cambio de uso de suelo del Distrito de Riego 088, Chiconautla, Estado de México /h[En línea]cpor Fernanda Hernández Juárez y Andrés Vázquez de la Rosa Andrés. aChapingo, Méx. :bEl autor,c2015. aPara ver el contenido del material haga clic en la liga aTesis (Ing. Agr. Esp. en Suelos e Ing. en Recursos Naturales Renovables) -- UACH. Departamento de Suelos e Ingenierí en Recursos Naturales Renovables14aDistrito de Riego Chiconautla, Méx.14aSensores remotos.14aSuelos salinos.14aSuelos salitrosos.14aTierrasxUtilizaciónxMéxico (Edo.)1 aVázquez de la Rosa, Andrés aFinding aiduhttp://10.13.5.2/tesis/sist111963.pdfzTeclea aquí